Радиочастотные кабели связи: учебное пособие
| Glavni autor: | |
|---|---|
| Autor kompanije: | |
| Sažetak: | Заглавие с титульного экрана В пособии изложены теория кабелей связи, принципы их конструирования и электрического расчета. Рассмотрены вопросы взаимных влияний в кабелях связи и меры защиты от этих влияний. Теоретический материал закрепляется многочисленными примерами и контрольными заданиями с методическими указаниями по их выполнению с использованием программы COMSOL Multiphysics. Предназначено для студентов, обучающихся по направлению 13.03.02 «Электроэнергетика и электротехника». AM_TPU_network |
| Jezik: | ruski |
| Izdano: |
Томск, Изд-во ТПУ, 2024
|
| Teme: | |
| Online pristup: | https://www.lib.tpu.ru/fulltext2/m/2024/m07.pdf |
| Format: | Elektronički Knjiga |
| KOHA link: | https://koha.lib.tpu.ru/cgi-bin/koha/opac-detail.pl?biblionumber=671655 |
MARC
| LEADER | 00000nam0a2200000 4500 | ||
|---|---|---|---|
| 001 | 671655 | ||
| 005 | 20260121131701.0 | ||
| 010 | |a 978-5-4387-1177-3 | ||
| 090 | |a 671655 | ||
| 100 | |a 20240320d2024 m||y0rusy50 ca | ||
| 101 | 0 | |a rus | |
| 102 | |a RU | ||
| 105 | |a a j 001yy | ||
| 135 | |a drcn ---uucaa | ||
| 181 | 0 | |a i |b e | |
| 182 | 0 | |a b | |
| 183 | 0 | |a cr |2 RDAcarrier | |
| 200 | 1 | |a Радиочастотные кабели связи |e учебное пособие |f О. В. Сапугольцева |g Национальный исследовательский Томский политехнический университет, Отделение электроэнергетики и электротехники | |
| 203 | |a Текст |c электронный |b визуальный | ||
| 210 | |a Томск |d 2024 |c Изд-во ТПУ | ||
| 215 | |a 1 файл (6,8 MB, 200 с.) | ||
| 283 | |a online_resource |2 RDAcarrier | ||
| 300 | |a Заглавие с титульного экрана | ||
| 320 | |a Список литературы: с. 199 (11 назв.) | ||
| 330 | |a В пособии изложены теория кабелей связи, принципы их конструирования и электрического расчета. Рассмотрены вопросы взаимных влияний в кабелях связи и меры защиты от этих влияний. Теоретический материал закрепляется многочисленными примерами и контрольными заданиями с методическими указаниями по их выполнению с использованием программы COMSOL Multiphysics. Предназначено для студентов, обучающихся по направлению 13.03.02 «Электроэнергетика и электротехника». | ||
| 371 | 0 | |a AM_TPU_network | |
| 452 | 1 | |0 684290 |9 684290 |a Сапугольцева, Ольга Владимировна |t Радиочастотные кабели связи |o учебное пособие |f О. В. Сапугольцева |g Национальный исследовательский Томский политехнический университет |c Томск |n Изд-во ТПУ |d 2024 |p 200 с. |y 978-5-4387-1177-3 | |
| 606 | 1 | |a Кабели связи радиочастотные |9 40001 | |
| 610 | 1 | |a труды учёных ТПУ | |
| 610 | 1 | |a электронный ресурс | |
| 610 | 1 | |a учебные пособия | |
| 610 | 1 | |a кабели связи | |
| 610 | 1 | |a электрические кабели связи | |
| 610 | 1 | |a радиочастотные кабели связи | |
| 610 | 1 | |a кабельные цепи | |
| 675 | |a 621.396.052(075.8) |v 4 | ||
| 700 | 1 | |a Сапугольцева |b О. В. |c специалист в области теоретической электротехники |c доцент Томского политехнического университета, кандидат технических наук |f 1983- |g Ольга Владимировна |9 88496 | |
| 712 | 0 | 2 | |a Национальный исследовательский Томский политехнический университет |b Инженерная школа энергетики |b Отделение электроэнергетики и электротехники |9 28321 |
| 801 | 0 | |a RU |b 63413507 |c 20240320 |g RCR | |
| 850 | |a 63413507 | ||
| 856 | 4 | 0 | |u https://www.lib.tpu.ru/fulltext2/m/2024/m07.pdf |z https://www.lib.tpu.ru/fulltext2/m/2024/m07.pdf |
| 942 | |c CF | ||